Black and white crows (KHMER) / (Record no. 48930)
| 000 -LEADER | |
|---|---|
| fixed length control field | 00274nam a2200097 4500 |
| 100 ## - MAIN ENTRY--PERSONAL NAME | |
| Personal name | Chem, Sakdeyrolet |
| 9 (RLIN) | 86283 |
| 245 ## - TITLE STATEMENT | |
| Title | Black and white crows (KHMER) / |
| Statement of responsibility, etc | Sakdeyrolet Chem |
| 260 ## - PUBLICATION, DISTRIBUTION, ETC. (IMPRINT) | |
| Place of publication, distribution, etc | Cambodia |
| Name of publisher, distributor, etc | PDH Bookshop |
| Date of publication, distribution, etc | 2024 |
| 300 ## - PHYSICAL DESCRIPTION | |
| Extent | 16 p. |
| Other physical details | col. ill. |
| Dimensions | 28 cm. |
| 942 ## - ADDED ENTRY ELEMENTS (KOHA) | |
| Source of classification or shelving scheme | |
| Koha item type | Book |
| Withdrawn status | Lost status | Source of classification or shelving scheme | Damaged status | Not for loan | Collection code | Home library | Current library | Date acquired | Total Checkouts | Full call number | Barcode | Date last seen | Date checked out | Price effective from | Koha item type |
|---|---|---|---|---|---|---|---|---|---|---|---|---|---|---|---|
| Siem Riep | Asian Hope Primary Library | Asian Hope Primary Library | 05/14/2025 | 15 | KHMER E CHE | 208129 | 04/02/2026 | 03/26/2026 | 05/14/2025 | Book |